000 00526nam a22001817a 4500
003 UA-OsUOA
001 18199
007 ta
008 20040423b un ||||| |||| 00| 0 ukr d
100 _aДавидчук Г.
942 _cSA
040 _aUA-OsUOA
_cUA-OsUOA
_dUA-OsUOA
245 _aВідродженій Здолбунівській "Просвіті" - 15
300 _aС.7
955 _a0
773 0 _w0
_tВОЛИНЬ
_dРівне
_d2004
_g№14/2 квіт./
650 7 _aКраєзнавча робота
_2UDC
999 _c304369
_d304369